01618nam a2200385 a 4500001001000000003000500010005001700015008004100032010001100073011001100084040000900095090001000104100003200114245009700146260004200243500006000285502012300345590004100468590004100509590004100550590004000591590004000631590004000671650002700711650002800738650004600766650003200812856007000844901000700914942001000921942000600931999001900937952014000956952013601096000108814CHAP20220329144025.0140313s2012 mx sm |||||||spa d a105276 a106248 cCHAP aTesis00aReyes Toxqui, Alvaro99700010aBiopolítica y resistencia social desde corporeidadh[En línea]cpor Alvaro Reyes Toxqui. aChapingo, Méx. :bEl autor.,c2012. aPara ver el contenido del material haga clic en la liga aTesis (Ph.D. en Ciencias Agrarias) -- UACH. Departamento Enseñanza, Investigación y Servicio de Sociología Rural aBATCH-UPDb05c20140313lUCH01h1141 aBATCH-UPDb05c20140324lUCH01h1536 aBATCH-UPDb05c20141002lUCH01h0857 aE5652GLJb05c20140313lUCH01h1140 aE5652GLJb05c20140313lUCH01h1140 aE5652GLJb05c20141029lUCH01h114014aBiopolítica.912587414aGlobalización.94830014aIdentidad (Concepto filosófico)912587514aPsicología social.992616 aFinding aiduhttp://10.13.5.2/tesis/sist108814.pdfzTeclea aquí aBK cTESIS n0 c105276d105276 00102local4053708TESISaBCbBCcPA_TESISd2014-03-13fTESISl0oTesisp33724002401728r2019-12-31 00:00:00tc.2w2019-12-31yTESIS 00104054718TESISaBCbBCd2014-03-13fTESISl0oTesisp33724002401769r2019-12-31 00:00:00w2019-12-31yTESISzRecien adquirido